Представление документа в формате RUSMARC

ПолеНазваниеЗначение
  Тип записи a
  Библиографический уровень m
001 Контрольный номер RU/CBS_UL/BASE/715452713
005 Дата корректировки 20240209175330.2
100 Данные общей обработки __
a Данные общей обработки 20220902d2022 ||| 0rusy0189 ca
101 Язык документа 0_
a Язык текста rus
102 Страна публикации __
a Страна публикации RU
105 Кодированные данные (монография) __
a Кодированные данные (монография) y###||||000|y
181 Поле кодированных данных: вид содержания _1
a Код вида содержания (ISBD) i#
b Код характеристики содержания (ISBD) #xxe##
d i
g x
h x
i e
182 Поле кодированных данных: тип средства _1
a Код типа средства (ISBD) n
2 Код системы (источник кода, отличный от ISBD) isbdmedia
200 Заглавие и сведения об ответственности 1_
a Заглавие Спасти зиму
b Общее обозначение материала Текст
e Сведения, относящиеся к заглавию [об изменении климата в Альпах]
f Первые сведения об ответственности Д. Хруби
w Текст (визуальный) : непосредственный
203 Вид содержания и тип средства __
a Вид содержания Текст
b Характеристика содержания визуальный
c Тип средства непосредственный
333 Примечание о целевом назначении __
a Примечание о целевом назначении 16+
461 Уровень набора _0
1 2000
a National Geographic Россия
463 Уровень физической единицы _0
1 001RU/CBS_UL/BASE/715437557
1 2000
a № 3
v С. 72-97
1 210
d 2022
606 Тематические рубрики 0_
a Основная рубрика География
y Географическая подрубрика Альпы, горная система (Европа Западная)
610 Ключевые слова 0_
a Ключевые слова изменение климата
610 Ключевые слова 0_
a Ключевые слова глобальное потепление
610 Ключевые слова 0_
a Ключевые слова Альпы, горная система (Европа Западная)
610 Ключевые слова 0_
a Ключевые слова ледники
610 Ключевые слова 0_
a Ключевые слова изменение толщины льда
610 Ключевые слова 0_
a Ключевые слова гляциология
610 Ключевые слова 0_
a Ключевые слова изучение изменения климата
610 Ключевые слова 0_
a Ключевые слова гляциологи
610 Ключевые слова 0_
a Ключевые слова таяние ледников
610 Ключевые слова 0_
a Ключевые слова природные льды
610 Ключевые слова 0_
a Ключевые слова снежный покров
610 Ключевые слова 0_
a Ключевые слова горнолыжные курорты
610 Ключевые слова 0_
a Ключевые слова горнолыжная индустрия
610 Ключевые слова 0_
a Ключевые слова альпийские ледники
686 Индексы других классификаций __
a Классификационный индекс 26.8
2 Код системы rubbk
700 Автор _1
a Фамилия Хруби
b Имя (инициалы) Д.
801 Источник записи _0
a Страна RU
b Организация МБУК ЦБС г. Ульяновска
c Дата составления 20220902
g Правила каталогизации RCR
801 Источник записи _1
a Страна RU
b Организация МБУК ЦБС г. Ульяновска
c Дата составления 20220902
g Правила каталогизации RCR
901 Тип документа __
t Тип документа b
w Контрольный № источника RU/CBS_UL/BASE/715437557
910 Корректоры записи __
a Корректор записи Библиотека 7-3
938 Служебная информация __
a Имя БД period